000
00293nam a22001097a 4500
008
230626b xxu||||| |||| 00| 0 eng d
082
_a
328.30
_b
RON 1990
245
_a
The New Nation
_b
The Republic of Namibia
260
_a
Namibia
_b
Namibian News Magazine
_c
1990
300
_a
48p
942
_2
ddc
_c
BK
999
_c
2620
_d
2620